000 00897nam0a22002651 4500
001 rc\4254660
005 20250612031126.0
021 _aRU
_b[65-61251]
035 _a(NLR Aleph) 008478235
090 _a7973475
_c7973475
100 _a20130416d1965 |||y0rusy50 ca
101 0 _arus
102 _aRU
105 _ay z |||||
200 1 _aОбозрение историографии дореволюционной Якутии
210 _aЯкутск
_cЯкуткнигоиздат
_d1965
215 _a70 с.
_d21
300 _aПеред загл. авт.: проф. Г.П. Башарин
607 _aЯкутская АССР
_xИстория
_xИсториография
_2psbo
700 1 _aБашарин
_bГ.П.
_f1912-1992
_gГеоргий Прокопьевич
801 0 _aRU
_bNLR
_gpsbo
801 1 _aRU
_bELAR
_2rusmarc
852 _aNLR
_j65-6/9348
942 _cBOOK
980 _aNB